| 000 | 00000nam##2200000za#4500 |
| 001 | 9.693520 |
| 003 | CaOODSP |
| 005 | 20210624233713 |
| 007 | cr ||||||||||| |
| 008 | 150407|2000||||xxc|||||o f|0| 0 eng|d |
| 040 | |aCaOODSP|beng |
| 043 | |an-cn--- |
| 086 | 1 |aA22-216/2000E-PDF |
| 110 | 1 |aCanada.|bAgriculture and Agri-Food Canada. |bStrategic Policy Branch. |
| 245 | 10|aIncome inequality in Canada : |h[electronic resource]|bfarm versus non-farm families, 1985 to 1995 |
| 260 | |aOttawa - Ontario : |bAgriculture and Agri-Food Canada. |c2000. |
| 300 | |a66p.|bfigs. (some coloured), glossary, tables |
| 500 | |aThe catalogue number (A22-216/2000E) and ISBN (0-662-29460-2) of the print edition have been incorrectly copied into this PDF edition. |
| 504 | |aBibliography. |
| 546 | |aEnglish |
| 590 | |a10-05-Supp|b2010-07-20 |
| 690 | 07|aFarming|2gcpds |
| 690 | 07|aHousehold income|2gcpds |
| 775 | 08|tL'inégalité de revenu au Canada : |w(CaOODSP)9.637698 |
| 776 | 0#|tIncome inequality in Canada : |w(CaOODSP)9.662223 |
| 776 | 0#|tL'inégalité de revenu au Canada : |w(CaOODSP)9.662224 |
| 856 | 40|ahttp://publications.gc.ca|qPDF|s945 KB|uhttps://publications.gc.ca/collections/Collection/A22-216-2000E.pdf |